000 01987nam0a2200361 4500
001 RU\NLR\BIBL_A\011441640
005 20250626065634.0
010 _a5-7444-0710-3
035 _a(NLR Aleph) 011441640
090 _a11705586
_c11705586
100 _a20170720d1996 |||y0rusy50 ca
101 0 _arus
_deng
102 _aRU
105 _aa z 000zy
200 1 _aРазвитие природы юго-восточной части острова Сахалин в голоцене
_dThe natural evolution in the south-eastern part of Sakhalin island in holocene
_fЮ.А. Микишин, И.Г. Гвоздева
_gДальневост. гос. ун-т, Береговой исслед. центр
_zeng
210 _aВладивосток
_cИзд-во Дальневосточного университета
_d1996
215 _a130 с.
_cил.
_d24
300 _aАвт. также на англ. яз.: Yu.A. Mikishin, I.G. Gvozdeva
300 _aРез. на англ. яз.
320 _aБиблиогр.: с. 125-129
510 1 _6z48790
_aThe natural evolution in the south-eastern part of Sakhalin island in holocene
_zeng
606 1 _aГолоценовые отложения
_xПалеогеография
_yСахалин, остров (Охотское море)
_92334194
_3RU\NLR\AUTH\6601619626
686 1 _aД432.723-9(2Р55-4Сах,993)
700 1 _7ca
_8rus
_aМикишин
_bЮ. А.
_gЮрий Анатольевич
_9176012
_3RU\NLR\AUTH\770176063
701 1 _7ca
_8rus
_aГвоздева
_bИ. Г.
_cгеолог
_gИрина Георгиевна
_9176015
_3RU\NLR\AUTH\770176066
790 1 _7ba
_8rus
_aMikišin
_bJu. A.
_gJurij Anatol'evič
_9176013
_3RU\NLR\AUTH\770176064
790 1 _7ba
_8rus
_aGvozdeva
_bI. G.
_cгеолог
_gIrina Georgievna
_9176016
_3RU\NLR\AUTH\770176067
852 _aNLR
_j98-7/834
852 _aNLR
_j98-7/96
942 _cBOOK
980 _aNB